00802 2200301 4500001002100000005001500021035002000036007000300056040001600059100002900075245003800104250001300142300003500155020002200190041000800212082001100220084001700231090002100248264003300269336002100302337003000323338002300353650002400376850001000400008004100410504002900451990002000480INLIS00000000000455220260525112054 a0010-0122000184ta aSBUPADbind0 aAlvin BintangePengarang1 aKisah Luar Biasa Ahmad dan Fatima a.-Cet. 1 a192 hal. :billus. ;c17x22 cm a978-979-1166-23-2 aind a155.25 a155.25 BIN k a155.25 IND e R-3 a.--Jakarta :bAmazing,c2013 2rdacontentaTeks 2rdamediaaTanpa Perantara 2rdacarrieravolume 4aKisah Menginspirasi aPUPAD260525 0  abibliografi, hlm 190-191 a24.252/H/DPK/17